000 00541cam a22002291 4500
001 sa 65000698
003 DLC
005 20260227112104.0
008 890824s1964 ii 000 0 beno
010 _asa 65000698
035 _a(OCoLC)20243789
040 _aDLC
_cWaU
_dDLC
042 _apremarc
050 0 0 _aPK1714
_b.C48
100 1 _aChattopadhyaya, Birendra,
_d1920-
245 1 0 _aMānushera nāme.
260 _c[1964]
300 _a32 p.
_c22 cm.
500 _aIn Bengali.
500 _aPoems.
650 0 _aBengali poetry.
999 _c61676
_d61676